संभोगातुन समाधीकडे (Record no. 202522)

MARC details
000 -LEADER
fixed length control field 00587nam a2200181Ia 4500
008 - FIXED-LENGTH DATA ELEMENTS--GENERAL INFORMATION
fixed length control field 090201s9999 xx 000 0 und d
010 ## - LIBRARY OF CONGRESS CONTROL NUMBER
LC control number KPL-66021
040 ## - CATALOGING SOURCE
Language of cataloging मराठी
041 ## - LANGUAGE CODE
Language code of text/sound track or separate title मराठी
082 ## - DEWEY DECIMAL CLASSIFICATION NUMBER
Classification number 1431
Item number 66021
100 ## - MAIN ENTRY--PERSONAL NAME
Personal name रजनीश
245 ## - TITLE STATEMENT
Title संभोगातुन समाधीकडे
Statement of responsibility, etc रजनीश
250 ## - EDITION STATEMENT
Edition statement 2
260 ## - PUBLICATION, DISTRIBUTION, ETC. (IMPRINT)
Date of publication, distribution, etc 1972
Name of publisher, distributor, etc जीवन जागृती केंद्र प्रकाश
300 ## - PHYSICAL DESCRIPTION
Extent 136
Other physical details मध्यम
600 ## - SUBJECT ADDED ENTRY--PERSONAL NAME
Personal name संभोगातुन समाधीकडे
942 ## - ADDED ENTRY ELEMENTS (KOHA)
Koha item type Book

No items available.